| 000 | 01035nam a22003257i 4500 | ||
|---|---|---|---|
| 003 | EG-GICUC | ||
| 005 | 20260121101408.0 | ||
| 008 | 251130s1968 us ||||fr|||| 001 0 eng d | ||
| 040 |
_aEG-GiCUC _beng _cEG-GiCUC _dEG-GiCUC _erda |
||
| 041 | _aeng | ||
| 082 | 0 | 4 |
_221 _a341.37 _bIK . H |
| 092 | 0 | 4 | _221 |
| 099 | _aLaw1 11 34 .37 IK . H 1968 | ||
| 100 | 1 |
_aIklâe, Fred Charles _eAuthor. |
|
| 245 | 1 | 0 |
_aHow nations negotiate / _cFred Charles Iklâe. |
| 250 | _aSecond printing | ||
| 264 | 1 |
_aNew York : _bHarper & Row, _c1968. |
|
| 300 |
_axii, 274 pages ; _c24 cm. |
||
| 336 |
_2rda content _atext |
||
| 337 |
_2rda media _aComputer |
||
| 338 |
_2rda carrier _aOnline Resource |
||
| 504 | _aIncludes bibliographical references. | ||
| 546 | _aText in English | ||
| 650 | 1 | 4 |
_aInternational treaties and agreements _xPublic international law _2qrmak |
| 650 | 1 | _anations negotiate. | |
| 651 | 1 | _2qrmak | |
| 856 | 4 | 0 | _uhttps://fll.law.cu.edu.eg/fulltext/bks/B11-05726.pdf |
| 905 |
_a75 _eHassnaa |
||
| 942 |
_2ddc _cBK _e21 _n0 |
||
| 999 |
_c47500 _d47500 |
||